000 01496nam0a2200361 4500
001 RU\NLR\BIBL_A\022689380
005 20260330181249.0
010 _a978-5-00207-933-9
_980
021 _aRU
_bКН-П-25-067790
_9КН-П-25-6559
035 _a(NLR Aleph) 022689380
090 _a13646879
_c13646879
100 _a20251217d2025 u y0rusy50 ca
101 0 _arus
102 _aRU
105 _ach z 000yy
181 0 _ai3
_baxxe
182 0 _an
200 1 _aВоспоминания. Размышления
_fВ. Е. Гольдин
_gсоставитель А. П. Сдобнова
203 _aТекст
_bвизуальный
_cнепосредственный
210 _aСаратов
_cАмирит
_d2025
215 _a211 с., [6] л. портр., цв. портр.
_cпортр., факс.
_d22
300 _aНа 4-й с. обл. авт.: В. Е. Гольдин, д-р филол. наук, проф.
320 _aБиблиогр. в подстроч. примеч.
517 1 _aРазмышления
600 1 _aГольдин
_bВ.Е.
_gВалентин Евсеевич
_f1935 - 2017
_2nlr_sh2
_3RU\NLR\AUTH\6601586180
686 1 _aШ1г(2)7дГольдин
686 1 _aЧ489.64(2Р)7-8Гольдин
700 1 _aГольдин
_bВ. Е.
_f1935-2017
_gВалентин Евсеевич
702 1 _aСдобнова
_bА. П.
_gАлевтина Петровна
_4220
942 _cBOOK
980 _aNB